| 000 | 00551nam a22001577a 4500 | ||
|---|---|---|---|
| 999 |
_c15758 _d15758 |
||
| 008 | 201119b ||||| |||| 00| 0 eng d | ||
| 020 | _a9715502113 | ||
| 082 |
_21996 _aDFil 398.09599 _bM52 |
||
| 100 |
_aMeñez, Herminia Q. _942576 |
||
| 245 |
_aExplorations in Philippine folklore/ _cHerminia Q. Meñez. |
||
| 260 |
_aQuezon City: _bAteneo de Manila University Press, _c©1996. |
||
| 300 |
_axiii, 159 pages; _c23 cm. |
||
| 500 | _aIncludes bibliographical references and index. | ||
| 650 |
_aFolklore -- Philippines. _942577 |
||
| 942 |
_2ddc _cDFIL |
||